|
|
|
|
| LEADER |
00699cam a2200217 7i4500 |
| 001 |
0000020192 |
| 005 |
20090709090000.0 |
| 008 |
080205 eng |
| 020 |
|
|
|a 978185431350
|
| 020 |
|
|
|a 1854313851 (pbk.)
|
| 090 |
0 |
0 |
|a KU810
|b .B53 1987
|
| 245 |
0 |
0 |
|a Blackstone's statutes on contract, torts & restitution
|c edited by F. D. Rose.
|
| 250 |
|
|
|a 5th ed.
|
| 260 |
|
|
|a London:
|b Blackstone,
|c 1994.
|
| 300 |
|
|
|a xiv, 309 p.;
|c 23 cm.
|
| 500 |
|
|
|a Includes index
|
| 650 |
0 |
0 |
|a Restitution --
|z Great Britain
|
| 650 |
0 |
0 |
|a Torts --
|z Great Britain
|
| 650 |
0 |
0 |
|a Contracts --
|z Great Britain
|
| 700 |
1 |
|
|a Rose, F. D.
|
| 999 |
|
|
|a 0000022848
|b BOK
|c OPEN SHELF
|e 1st Floor, Bestari Jaya
|